Surounded by bad bosses and lazy employees (Record no. 4972)

000 -LEADER
fixed length control field 00705nam a2200229 a 4500
005 - DATE AND TIME OF LATEST TRANSACTION
control field 20230131110714.0
008 - FIXED-LENGTH DATA ELEMENTS--GENERAL INFORMATION
fixed length control field 230131t2021 uk ||||| |||| 00| 0 eng d
020 ## - INTERNATIONAL STANDARD BOOK NUMBER
International Standard Book Number 9781785043406
040 ## - CATALOGING SOURCE
Original cataloging agency AKMAL
082 ## - DEWEY DECIMAL CLASSIFICATION NUMBER
Classification number 650.13 ERI
090 ## - LOCALLY ASSIGNED LC-TYPE CALL NUMBER (OCLC); LOCAL CALL NUMBER (RLIN)
Classification number (OCLC) (R) ; Classification number, CALL (RLIN) (NR) 650.13
Local cutter number (OCLC) ; Book number/undivided call number, CALL (RLIN) ERI
100 ## - MAIN ENTRY--PERSONAL NAME
Personal name Erikson, Thomas
9 (RLIN) 9511
245 ## - TITLE STATEMENT
Title Surounded by bad bosses and lazy employees
Remainder of title (or, how to deal with idiots at work) /
Statement of responsibility, etc. Thomas Erikson
260 ## - PUBLICATION, DISTRIBUTION, ETC.
Place of publication, distribution, etc. UK
Name of publisher, distributor, etc. Penguin Random House
Date of publication, distribution, etc. 2021
300 ## - PHYSICAL DESCRIPTION
Extent xii, 386p. :
Other physical details ill. ;
Dimensions 20cm
500 ## - GENERAL NOTE
General note Includes index
599 ## - LOCAL NOTE
Local Note DALAM PROSES
650 ## - SUBJECT ADDED ENTRY--TOPICAL TERM
Topical term or geographic name entry element Psychology, industrial
9 (RLIN) 9512
650 ## - SUBJECT ADDED ENTRY--TOPICAL TERM
Topical term or geographic name entry element Interpersonal relations
9 (RLIN) 9513
650 ## - SUBJECT ADDED ENTRY--TOPICAL TERM
Topical term or geographic name entry element Conflict management
9 (RLIN) 9514
942 ## - ADDED ENTRY ELEMENTS (KOHA)
Source of classification or shelving scheme
Koha item type Book
Holdings
Withdrawn status Lost status Source of classification or shelving scheme Damaged status Not for loan Collection code Home library Current library Shelving location Date acquired Inventory number Total Checkouts Full call number Barcode Date last seen Price effective from Koha item type
          NON-FICTION AKMAL Melaka AKMAL Melaka PINJAMAN 31.01.2023 011523   650.13 ERI 201708181 31.01.2023 31.01.2023 Book
Pusat Sumber Maklumat Dato' Haji Sarmin Md Hussin, Akademi Kastam Diraja Malaysia, Melaka
Tel: 06-2331106 | Faks: 06-2313787